000 00495nam a2200169Ia 4500
005 20250326125559.0
008 250326s9999 xx 000 0 und d
037 _aTextbook
040 _aFMSL
_beng
_cFMSL
041 _aeng
_2eng
084 _aX:517qN69 M5;1
_qFMSL
245 0 _aMonopones & restrictive trade practices act, 1969
260 _aAllahabad
_bAllahabad, Central Law Agency
_c1985
300 _a110p
942 _cTB
_hX:517qN69 M5;1
999 _c1278670
_d1278670